<The> Elimination of selected barriers in the decision making process
Článok uvádza čiastkové závery výskumu riešenia problémov neštrukturovaného rozhodovania na Ministerstve obrany Českej republiky. Predmetom výskumu je otázka efektívneho riešenia problémov a cieľom článku je identifikovať kľúčové prekážky pre efektívne rozhodovanie.
Gespeichert in:
| 1. Verfasser: | |
|---|---|
| Weitere Verfasser: | |
| Format: | Buchkapitel |
| Sprache: | Englisch |
| Schlagworte: | |
| Tags: |
Keine Tags, Fügen Sie das erste Tag hinzu!
|
MARC
| LEADER | 00000nla a2200000 4500 | ||
|---|---|---|---|
| 001 | 0230366 | ||
| 005 | 20230425084119.3 | ||
| 041 | 0 | |a eng | |
| 044 | |a CZ | ||
| 245 | 1 | 0 | |a <The> Elimination of selected barriers in the decision making process |c Ivana Mazalová, Jiří Richter |
| 520 | |a Článok uvádza čiastkové závery výskumu riešenia problémov neštrukturovaného rozhodovania na Ministerstve obrany Českej republiky. Predmetom výskumu je otázka efektívneho riešenia problémov a cieľom článku je identifikovať kľúčové prekážky pre efektívne rozhodovanie. | ||
| 610 | 2 | 0 | |a procesy rozhodovacie |
| 610 | 2 | 0 | |a faktory produktivity práce |
| 610 | 2 | 0 | |a Česko |
| 610 | 2 | 0 | |a manažment verejnej správy |
| 610 | 2 | 0 | |a manažment času |
| 100 | 1 | |a Mazalová, Ivana | |
| 700 | 1 | |a Richter, Jiří | |